| 000 | 00568nam a22001577a 4500 | ||
|---|---|---|---|
| 082 | _a200 | ||
| 100 | _aRaja, Faisal Shahzad | ||
| 245 |
_aUse of Stone Dust as Partial Replacement of Sand in the Performance Concrete / _cFaisal Shahzad Raja |
||
| 260 |
_aIslamabad : _bMCE - NUST, _c2016. |
||
| 300 |
_a122 p. ; _c30cm. |
||
| 650 |
_aMS-Structure Engineering _9126716 |
||
| 700 | _aSupervisor: Dr. Muhammad Maqbool Sadiq | ||
| 856 | _u http://10.250.8.41:8080/xmlui/handle/123456789/41108 | ||
| 942 |
_2ddc _cSC |
||
| 999 |
_c536161 _d536161 |
||